000 00766nam a2200253 i 4500
001 17861
003 ES-MaACL
005 20240429130818.0
007 t|
008 010611s2000 sp ||||1| spa d
020 _a84-8310-712-0
080 _a821.134.2-82"19"
100 1 _aBaroja, Pío,
_d1872-1956
_925752
245 1 0 _aOpiniones y paradojas /
_cPío Baroja ; prólogo y selección de Miguel Sánchez-Ostiz.
250 _a1ª ed.
260 _a[Madrid] :
_bCaro Raggio ;
_aBarcelona :
_bTusquets,
_c2000.
300 _a274 p. ;
_c21 cm.
490 1 _aMarginales ;
_v189
700 1 _aSánchez-Ostiz, Miguel.
_9102823
830 0 0 _aMarginales ;
_v189
_9236110
852 _aES-MaACL
_jL-24686
942 _2udc
999 _c17861
_d17861